00258nam a2200085Ia 4500245002900000100007600029942000700105008004100112999001900153 0aAandmis oor Paternoster  a LEROUX-VAN DER BOON, Marzanne Pretoria, 1988 Grootdrukuitg 962134 cBK210818s9999 xx 000 0 und d c475353d475352